000 01030cam a22003257a 4500
003 CHAP
005 20230524115445.0
008 120610s2008 mx a r 00010 spa d
010 _a11873
011 _a12845
020 _a9701066529
035 _a16566
040 _cCHAP
082 0 4 _a541
_bC36 2008
100 1 0 _aChang, Raymond
_921856
245 1 _aFisicoquímica
_c/por Raymond Chang
250 _a3 ed.
260 _aMéxico :
_bMcGraw Hill,
_c2008
300 _axviii, 1018p.
590 _aBATCH-UPD
_b10
_c20130110
_lUCH01
_h0044
590 _aBATCH-UPD
_b10
_c20130110
_lUCH01
_h2008
590 _aBATCH-UPD
_b10
_c20130410
_lUCH01
_h1327
590 _aBATCH-UPD
_b10
_c20130914
_lUCH01
_h0918
590 _aCONVERSION
_b10
_c20130109
_lUCH01
_h1308
650 0 4 _aFisicoquímica.
_941125
901 _aBK
942 _cLIBRO
949 _a541 C36 2008
_bBC
_cLIBRO
_d33724002337439
_eLIBRO
_fc.2
_gI.c/e
_h116821
_i16566
_so
_t$320.00
949 _a541 C36 2008
_bBC
_cLIBRO
_d33724002337470
_eLIBRO
_gI.c/e
_h116820
_i16566
_si
_t$320.00
999 _c11873
_d11873